| 000 | 00662nam a22002537a 4500 | ||
|---|---|---|---|
| 003 | CHAP | ||
| 005 | 20220329135201.0 | ||
| 008 | 971013s1975 r 00010 d | ||
| 010 | _a32261 | ||
| 011 | _a33233 | ||
| 035 | _a37348 | ||
| 040 | _cCHAP | ||
| 090 | _aFolleto 8499y | ||
| 100 | 0 | 0 |
_aMarx, Karl. _972726 |
| 245 | 1 | _aCrĂtica del programa de Gotha | |
| 260 |
_aMoscĂș : _bProgreso, _c1975 |
||
| 300 | _a55 p | ||
| 590 |
_aBATCH-UPD _b10 _c20130110 _lUCH01 _h1002 |
||
| 590 |
_aCONVERSION _b10 _c20130109 _lUCH01 _h1318 |
||
| 650 | 1 | 4 |
_aSocialismo. _9108040 |
| 901 | _aBK | ||
| 942 | _cFOLL | ||
| 949 |
_aFolleto 8499y _bBC _cFOLL _d-85570 _eTS1 _i37348 _si |
||
| 999 |
_c32261 _d32261 |
||